000
00328nam a22001337a 4500
020
_a
978-81-7876-108-4
041
_a
ENG
100
_a
Naikawade.A.B
245
_a
Bhagyavidhata Yashwantrao Chavan Gauravgrantha
260
_a
Latur
_b
Vidyabhartee Prakashan
_c
2012
300
_a
260
650
_a
Marathi
856
_u
Marathi ( 33 )
999
_c
2249
_d
2249